[Event "PRO League Group Stage"]
[Site "masterchessopen.com chess.com INT"]
[Date "2017.02.11"]
[Round "5"]
[White "Gurevich,Daniel"]
[Black "Agrest,E"]
[Result "0-1"]
[WhiteElo "2455"]
[BlackElo "2593"]

1.e4 c6 2.d4 d5 3.e5 Bf5 4.h4 Qc8 5.Ne2 h6 6.Ng3 Bh7 7.Be3 e6 8.Nd2 Nd7 9.Nb3
Qd8 10.Be2 Ne7 11.a4 Nc8 12.a5 a6 13.Nh5 Na7 14.Qd2 Rg8 15.Nf4 Nb5 16.Bh5 Qe7
17.Nd3 Qd8 18.f4 Qc7 19.O-O Bf5 20.Bf3 O-O-O 21.g4 Bh7 22.Bg2 h5 23.gxh5 Be7
24.Qf2 Bf5 25.Bd2 Rh8 26.Bf3 g6 27.Kh2 gxh5 28.Rg1 Rdf8 29.Bb4 Bxb4 30.Nxb4 f6
31.Rg7 Qd8 32.Qg3 fxe5 33.fxe5 Rfg8 34.Rxg8 Rxg8 35.Qf4 Bg4 36.Bg2 Qxh4+
37.Kg1 Qe7 38.Kh2 Qxb4 {#R} 0-1

[Event "PRO League Group Stage"]
[Site "masterchessopen.com chess.com INT"]
[Date "2017.02.11"]
[Round "5"]
[White "Gurevich,Daniel"]
[Black "Agrest,I"]
[Result "1-0"]
[WhiteElo "2455"]
[BlackElo "2273"]

1.e4 e5 2.Nf3 Nc6 3.Bb5 a6 4.Ba4 Nf6 5.d3 b5 6.Bb3 Bc5 7.c3 d6 8.O-O Bg4
9.Nbd2 O-O 10.Re1 h6 11.h3 Bh5 12.Nf1 Re8 13.Ng3 Bg6 14.Nh4 Bh7 15.Qf3 b4
16.Nh5 Na5 17.Bxh6 Nxb3 18.Bg5 Nd2 19.Bxd2 Nxh5 20.Qxh5 Qf6 21.Nf5 Rab8 22.Bg5
Qe6 23.d4 Ba7 24.d5 Qg6 25.Ne7+ Rxe7 26.Qxg6 Bxg6 27.Bxe7 bxc3 28.bxc3 f6
29.Rab1 Bb6 30.c4 Kf7 31.c5 Kxe7 32.cxb6 cxb6 33.f3 f5 34.exf5 Bxf5 35.Rbc1
Kd7 36.Rc3 b5 37.Rec1 Rb7 38.Rc8 Ke7 39.R8c7+ Rxc7 40.Rxc7+ Bd7 41.Ra7 b4
42.Rxa6 Bb5 43.Ra7+ Kf6 44.Rc7 Bd3 45.Rc6 Ke7 46.Rb6 Bc4 47.Rxb4 Bxa2 48.Rb7+
Kf6 49.Rd7 Kf5 50.Rxd6 g5 51.g4+ Kf4 52.Kf2 e4 53.Rf6+ Ke5 54.Rf5+ Kd4 55.fxe4
Bb1 56.d6 Bxe4 57.d7 {#r} 1-0

[Event "PRO League Group Stage"]
[Site "masterchessopen.com chess.com INT"]
[Date "2017.02.11"]
[Round "5"]
[White "Hammer,J"]
[Black "Oussedik,E"]
[Result "1-0"]
[WhiteElo "2628"]
[BlackElo "2155"]

1.d4 e6 2.c4 Nf6 3.Nf3 c5 4.e3 d5 5.cxd5 exd5 6.Bb5+ Bd7 7.Bxd7+ Nbxd7 8.dxc5
Bxc5 9.O-O O-O 10.Nc3 Nb8 11.Qb3 Qd7 12.Rd1 Rd8 13.Nxd5 Nxd5 14.e4 Na6 15.Bg5
Re8 16.Rxd5 Qc7 17.Re1 h6 18.Bh4 Re6 19.a3 Rae8 20.Qd3 Qf4 21.e5 Bb6 22.b4 Qg4
23.h3 Qh5 24.Rc1 g5 25.g4 Qg6 26.Qxg6+ Rxg6 27.Bg3 Rge6 28.Nd2 Nc7 29.Rd7 Nb5
30.Ne4 Nd4 31.Kf1 Kg7 32.Nd6 R8e7 33.Rxe7 Rxe7 34.Nf5+ Nxf5 35.gxf5 Rd7 36.Ke2
Rd4 37.Rd1 Rc4 38.Rd7 Kf8 39.Rxb7 Bc7 40.Kd3 Rc1 41.Rxa7 Ke8 42.e6 Bxg3
43.exf7+ Kf8 44.fxg3 Rf1 45.Ke4 h5 46.Ke5 h4 47.Kf6 {#r} 1-0

[Event "PRO League Group Stage"]
[Site "masterchessopen.com chess.com INT"]
[Date "2017.02.11"]
[Round "5"]
[White "Dhulipalla,Bala Chandra Prasad"]
[Black "Cunningham,R"]
[Result "1-0"]
[WhiteElo "2353"]
[BlackElo "2263"]

1.d4 d5 2.Bf4 c5 3.e3 Nc6 4.c3 Nf6 5.Nd2 e6 6.Ngf3 Bd6 7.Bg3 O-O 8.Bd3 b6
9.Qe2 Bb7 10.Rd1 Qe7 11.Ne5 Bxe5 12.dxe5 Nd7 13.Nf3 f6 14.exf6 Nxf6 15.Ne5
Nxe5 16.Bxe5 Qf7 17.O-O Rad8 18.h3 Qh5 19.Qxh5 Nxh5 20.g4 Nf6 21.f3 Nd7 22.Bc7
Rde8 23.Bb5 Rf7 24.e4 Rc8 25.Bg3 a6 26.exd5 exd5 27.Bd3 Re8 28.Rde1 Rfe7
29.Rxe7 Rxe7 30.Bd6 Re6 31.Bc7 b5 32.Bf5 Rc6 33.Bg3 Nf8 34.Re1 g6 35.Bd3 Re6
36.Rxe6 Nxe6 37.Bd6 c4 38.Be2 d4 39.f4 d3 40.Bd1 Kf7 41.h4 h6 42.Kf2 Kf6
43.Ke3 g5 44.Be5+ Ke7 45.fxg5 hxg5 46.h5 Kf7 47.b3 Bd5 48.bxc4 bxc4 49.Ba4 Kg8
50.Bd7 Kf7 51.Bc8 a5 52.Bd7 Kg8 53.Bf6 Kf7 54.Be5 Kg8 55.Be8 d2 56.Kxd2 Bf3
57.Bg6 Bxg4 58.h6 Nf8 59.Be4 {#r} 1-0

[Event "PRO League Group Stage"]
[Site "masterchessopen.com chess.com INT"]
[Date "2017.02.11"]
[Round "5"]
[White "Swayams,M"]
[Black "Flores Rios,M"]
[Result "1-0"]
[WhiteElo "2491"]
[BlackElo "2529"]

1.d4 Nf6 2.c4 g6 3.Nc3 d5 4.Nf3 Bg7 5.Bg5 Ne4 6.Bf4 Nxc3 7.bxc3 c5 8.e3 O-O
9.Be2 Nc6 10.O-O dxc4 11.Bxc4 Na5 12.Be2 Be6 13.Qa4 cxd4 14.cxd4 a6 15.Nd2 Bd5
16.Rac1 Bc6 17.Qb4 Re8 18.Nf3 b6 19.Rc2 Bf8 20.Ne5 Be4 21.Rb2 b5 22.Qd2 f6
23.Nf3 Nc4 24.Bxc4+ bxc4 25.Qc3 Qd5 26.Rc1 Rec8 27.Ne1 g5 28.Bg3 g4 29.Rb4 Bd3
30.Rb2 Bg6 31.Rb4 Bf7 32.Rb2 Rc6 33.f3 gxf3 34.gxf3 f5 35.Rg2 Rg6 36.Rcc2 Rc8
37.Be5 Bh6 38.Rxg6+ hxg6 39.Kf2 Qb5 40.Rb2 Qa4 41.Nc2 Bd5 42.Nb4 Ba8 43.d5 a5
44.Nc6 Bxc6 45.dxc6 Qxc6 46.Qxa5 Kf7 47.Bd4 Qd6 48.Qe5 Qc6 49.h4 Qe6 50.Qxe6+
Kxe6 51.a4 Bf8 52.a5 Ra8 53.Rb6+ Kd5 54.a6 e5 55.Rb5+ Kd6 56.Rxe5 Bg7 57.Ra5
Bf8 58.Bc5+ Kc6 59.Bxf8 Rxf8 60.a7 Ra8 61.Ke2 Kb6 62.Ra4 Rxa7 63.Rxc4 Kb5
64.Rc2 Ra4 65.f4 Ra6 66.Kf3 Re6 67.Rc8 Kb6 68.Rf8 Kc7 69.h5 gxh5 70.Rxf5 Rh6
71.Kg3 Kd7 72.e4 Re6 73.e5 Rg6+ 74.Rg5 Ra6 75.Rxh5 Ra1 76.Kg4 Ke6 77.Rh6+ Ke7
78.Kf5 {#r} 1-0

[Event "PRO League Group Stage"]
[Site "masterchessopen.com chess.com INT"]
[Date "2017.02.11"]
[Round "5"]
[White "Krunic,D"]
[Black "Breckenridge,S"]
[Result "0-1"]
[WhiteElo "2147"]
[BlackElo "2239"]

1.Nf3 Nf6 2.g3 g6 3.Bg2 Bg7 4.O-O O-O 5.d3 d6 6.c4 Nc6 7.Nc3 e5 8.a3 Bg4 9.h3
Bd7 10.b4 Qc8 11.Kh2 e4 12.dxe4 Nxe4 13.Nxe4 Bxa1 14.Bh6 Bg7 15.Bxg7 Kxg7
16.Qa1+ f6 17.Nfd2 Qe8 18.f4 Qe7 19.g4 Kg8 20.b5 Nd8 21.g5 fxg5 22.fxg5 Rxf1
23.Nxf1 Bf5 24.Nf6+ Kf8 25.Ng3 Qe5 26.Qf1 Kg7 27.h4 h6 28.e4 h5 29.exf5 Nf7
30.fxg6 Nxg5 31.Nxh5+ Kxg6 32.Qb1+ Kh6 33.hxg5+ Qxg5 34.Qe4 Rg8 35.Qe6+ Rg6
36.Qe8 Qh4+ 37.Bh3 Qxc4 38.Nf5+ Kxh5 39.Qh8+ Kg5 40.Ne3 Qf4+ 41.Kg2 Qxe3
42.Qc8 Kf4+ 43.Kh2 Qg1# 0-1

[Event "PRO League Group Stage"]
[Site "masterchessopen.com chess.com INT"]
[Date "2017.02.11"]
[Round "5"]
[White "Krunic,D"]
[Black "Tarjan,J"]
[Result "0-1"]
[WhiteElo "2147"]
[BlackElo "2406"]

1.e4 e5 2.Nf3 Nc6 3.c3 Nf6 4.d4 exd4 5.e5 Nd5 6.Bc4 Nb6 7.Bb3 d5 8.cxd4 Bg4
9.Nc3 Be7 10.O-O O-O 11.Be3 Qd7 12.Rc1 f6 13.Kh1 Rad8 14.exf6 Rxf6 15.Ne4 Rf7
16.Ned2 Rdf8 17.Ba4 Nxa4 18.Qxa4 Bxf3 19.gxf3 Rf5 20.Rg1 Bd6 21.Rg2 Rh5
22.Rcg1 Qh3 23.Rxg7+ Kh8 24.R1g2 Bxh2 {#R} 0-1

[Event "PRO League Group Stage"]
[Site "masterchessopen.com chess.com INT"]
[Date "2017.02.11"]
[Round "5"]
[White "Balabaev,T"]
[Black "Macagno,S"]
[Result "1-0"]
[WhiteElo "2393"]
[BlackElo "2320"]

1.e4 e5 2.Nf3 Nc6 3.Bb5 Nge7 4.O-O d6 5.d4 Bd7 6.Nc3 Ng6 7.Be3 Be7 8.Nd5 O-O
9.dxe5 dxe5 10.Qe2 Re8 11.c3 Bf8 12.Rad1 Qc8 13.h3 Nb8 14.Bc4 c6 15.Nb4 Be6
16.Ng5 Bxc4 17.Qxc4 Nh8 18.f4 h6 19.Nf3 exf4 20.Bxf4 b5 21.Qd3 Qe6 22.Nd4 Bc5
23.Kh1 Bxd4 24.cxd4 a5 25.d5 Qxe4 26.Qxe4 Rxe4 27.dxc6 axb4 28.Rd8+ Kh7 29.c7
{#r} 1-0

[Event "PRO League Group Stage"]
[Site "masterchessopen.com chess.com INT"]
[Date "2017.02.11"]
[Round "5"]
[White "Balabaev,T"]
[Black "Salinas Herrera,P"]
[Result "0-1"]
[WhiteElo "2393"]
[BlackElo "2464"]

1.e4 c5 2.Nf3 d6 3.d4 cxd4 4.Nxd4 Nf6 5.Nc3 a6 6.Be3 e6 7.f3 b5 8.g4 h6 9.Qd2
b4 10.Nce2 e5 11.Nb3 Nc6 12.c4 a5 13.Rd1 Be6 14.Ng3 Qc7 15.Bd3 Nd7 16.O-O a4
17.Nc1 Nc5 18.Nce2 g6 19.Rc1 Bg7 20.Bb1 Rb8 21.Rfd1 Bf8 22.h3 Na5 23.Bd3 Be7
24.f4 exf4 25.Nxf4 Bf6 26.Nd5 Bxd5 27.cxd5 Be5 28.Ne2 h5 29.g5 O-O 30.Bb1 Nab7
31.Nd4 Qd7 32.Kg2 b3 33.Nc6 bxa2 34.Bxa2 Nxe4 35.Nxb8 Rxb8 36.Qe2 Na5 37.Rc2
Nb3 38.Bxb3 Rxb3 39.Rd3 Qf5 40.Rxb3 axb3 41.Rc1 Nxg5 42.Bxg5 Qxg5+ {#R} 0-1

[Event "PRO League Group Stage"]
[Site "masterchessopen.com chess.com INT"]
[Date "2017.02.11"]
[Round "5"]
[White "O'Cinneide,M"]
[Black "Orlov,G"]
[Result "0-1"]
[WhiteElo "2227"]
[BlackElo "2475"]

1.Nf3 Nf6 2.c4 e6 3.g3 d5 4.Bg2 Be7 5.O-O O-O 6.b3 c5 7.cxd5 Nxd5 8.d4 cxd4
9.Nxd4 Bf6 10.Bb2 Nc6 11.Nxc6 bxc6 12.Qc1 Ba6 13.Bf3 Qa5 14.Bxf6 Nxf6 15.Qc3
Qb6 16.Nd2 Nd5 17.Qc2 Nb4 18.Qc1 Rad8 19.Rd1 c5 20.a3 Nc6 21.b4 c4 22.e3 Ne5
23.Qc3 Nxf3+ 24.Nxf3 Bb7 25.Nd4 e5 26.Nf5 Qe6 27.e4 Bxe4 28.Ne3 Bd3 29.Rac1
Rd4 30.b5 h5 31.f4 Rfd8 32.Re1 exf4 33.Nxc4 Qxc4 {#R} 0-1

[Event "PRO League Group Stage"]
[Site "masterchessopen.com chess.com INT"]
[Date "2017.02.11"]
[Round "5"]
[White "O'Cinneide,M"]
[Black "Margvelashvili,G"]
[Result "0-1"]
[WhiteElo "2227"]
[BlackElo "2530"]

1.c4 Nf6 2.Nc3 c5 3.Nf3 b6 4.g3 Bb7 5.Bg2 e6 6.O-O a6 7.Re1 d6 8.e4 Nbd7 9.d4
cxd4 10.Nxd4 Qc7 11.Be3 Rc8 12.Rc1 Qb8 13.b3 Be7 14.f4 O-O 15.g4 Qa8 16.Bf2
Nc5 17.Qe2 g6 18.g5 Nh5 19.f5 Bxg5 20.Qg4 Bxc1 21.Rxc1 Nd3 22.Be3 Nxc1 23.fxe6
fxe6 24.Qxe6+ Rf7 25.Bxc1 Re8 26.Qg4 Nf6 27.Qh4 Nxe4 28.Nxe4 Bxe4 {#R} 0-1

[Event "PRO League Group Stage"]
[Site "masterchessopen.com chess.com INT"]
[Date "2017.02.11"]
[Round "5"]
[White "Quesada Perez,Yu"]
[Black "Van Wely,L"]
[Result "1-0"]
[WhiteElo "2630"]
[BlackElo "2695"]

1.e4 c5 2.Nf3 e6 3.d4 cxd4 4.Nxd4 Nc6 5.Nc3 d6 6.Be3 Nf6 7.f3 Be7 8.Qd2 O-O
9.g4 d5 10.g5 Nh5 11.exd5 Nxd4 12.Qxd4 Bxg5 13.O-O-O exd5 14.Nxd5 Be6 15.Bc4
Rc8 16.Bb3 Bxd5 17.Bxd5 Qc7 18.Bb3 Bxe3+ 19.Qxe3 b6 20.Rd4 Rfe8 21.Qd2 Re7
22.Rd1 g6 23.Kb1 Rce8 24.a3 Re2 25.Qh6 Re1 26.Rxe1 Rxe1+ 27.Ka2 Re8 28.Qd2 Nf6
29.Rd6 Kg7 30.Qd4 Qe7 31.f4 Rc8 32.Qe5 Qxe5 33.fxe5 Ng4 34.e6 Ne5 35.Ba4 Rc7
36.Rd7 Rc4 37.e7 Nxd7 38.Bxd7 Re4 39.e8=Q Rxe8 40.Bxe8 f5 41.Kb3 Kf6 42.Kc3
Ke5 43.Kd3 g5 44.c4 g4 45.b4 f4 46.c5 bxc5 47.bxc5 Kd5 48.c6 Kd6 49.Ke4 f3
50.Ke3 a5 51.Bh5 Kxc6 52.Bxg4 Kb5 53.Bd7+ {#r} 1-0

[Event "PRO League Group Stage"]
[Site "masterchessopen.com chess.com INT"]
[Date "2017.02.11"]
[Round "5"]
[White "Quesada Perez,Yu"]
[Black "Van der Lende,I"]
[Result "1-0"]
[WhiteElo "2630"]
[BlackElo "2315"]

1.e4 e6 2.d4 d5 3.Nc3 Bb4 4.e5 c5 5.a3 Bxc3+ 6.bxc3 Ne7 7.Qg4 cxd4 8.Bd3 Qc7
9.Ne2 Ng6 10.cxd4 Nc6 11.Bd2 Bd7 12.h4 h5 13.Qg5 Nce7 14.g4 hxg4 15.h5 Nf5
16.Bb4 a5 17.Kd2 Nxe5 18.dxe5 axb4 19.axb4 Rxa1 20.Rxa1 O-O 21.Qf4 Nh6 22.Re1
f6 23.Ng3 fxe5 24.Bh7+ Kxh7 25.Qxf8 e4 26.Qc5 Qf4+ 27.Qe3 Qe5 28.c3 Bc6 29.Ra1
Nf5 30.Qg5 Qf6 31.Qxf6 gxf6 32.Nxf5 exf5 33.Ke3 Kh6 34.Kf4 Kxh5 35.Kxf5 Bd7+
36.Kf4 Kg6 37.Ra5 Bc6 38.Rc5 Kf7 39.b5 Bd7 40.Rxd5 Ke6 41.Kxe4 Be8 42.c4 Bf7
43.Kf4 Ke7 44.Rd4 Be6 45.c5 Kf7 46.c6 bxc6 47.bxc6 Ke7 48.c7 Bd7 49.Rd3 Ke6
50.Kxg4 Ke7+ 51.Kf4 Ke6 52.Kg4 Ke7+ 53.Kh5 Ke6 54.Kg6 Ke7 55.Rxd7+ Kxd7
56.Kxf6 Kxc7 57.Ke7 Kc6 58.f4 Kd5 59.f5 Ke5 60.f6 {#r} 1-0

[Event "PRO League Group Stage"]
[Site "masterchessopen.com chess.com INT"]
[Date "2017.02.11"]
[Round "5"]
[White "Movsesian,S"]
[Black "Gareev,T"]
[Result "1-0"]
[WhiteElo "2676"]
[BlackElo "2617"]

1.e4 e5 2.Nf3 Nc6 3.Bb5 a6 4.Ba4 Nf6 5.O-O Bc5 6.c3 b5 7.Bc2 d6 8.d4 Bb6 9.h3
h6 10.a4 Rb8 11.a5 Ba7 12.Be3 Qe7 13.Nbd2 O-O 14.Re1 Rb7 15.Nf1 Re8 16.Ng3 Qf8
17.Qd2 Bd7 18.Nh4 Ne7 19.b4 g5 20.Nhf5 Nxf5 21.exf5 Bc6 22.Bb3 Rbb8 23.dxe5
Bxe3 24.Qxe3 Rxe5 25.Qa7 Qc8 26.Rxe5 dxe5 27.Qc5 Qe8 28.Re1 e4 29.Rd1 e3
30.fxe3 Ne4 31.Nxe4 Qxe4 32.Rd2 Re8 33.Re2 Re5 34.Qd4 Qb1+ 35.Kh2 Rxf5 36.Bc2
Qf1 37.Bxf5 Qxe2 38.e4 Qf1 39.Qd8+ Kg7 40.Qxc7 Qc4 41.Qe5+ Kg8 42.Qd4 Qd3
43.Qxd3 {#r} 1-0

[Event "PRO League Group Stage"]
[Site "masterchessopen.com chess.com INT"]
[Date "2017.02.11"]
[Round "5"]
[White "Hilby,Craig"]
[Black "Feuerstack,A"]
[Result "0-1"]
[WhiteElo "2334"]
[BlackElo "2449"]

1.e4 c5 2.Nf3 e6 3.d4 cxd4 4.Nxd4 a6 5.c4 Nf6 6.Nc3 Bb4 7.Qd3 O-O 8.e5 Ne8
9.Be2 d6 10.Nc2 Bxc3+ 11.Qxc3 dxe5 12.Qxe5 Nc6 13.Qg3 e5 14.O-O Bf5 15.Rd1 Qa5
16.Ne3 Be6 17.Bd2 Qc5 18.a3 f5 19.b4 Qe7 20.Nd5 Qf7 21.Bc3 Nd6 22.Nf6+ Qxf6
23.Rxd6 f4 24.Qf3 e4 25.Qxe4 Qxc3 26.Qxe6+ Kh8 27.Rdd1 Rae8 28.Qg4 Ne5 29.Qh3
f3 30.Bf1 Qb2 31.Rdb1 Qc2 32.Rc1 Qb2 33.Rcb1 Qc2 34.Rc1 Qg6 35.g3 Rf5 36.Qh4
Rh5 37.Qf4 h6 38.Re1 Rf5 39.Qd4 Qf6 40.Re3 Rd8 41.Qc3 Qd6 42.Rae1 Ng4 43.Re8+
Rf8 44.Rxf8+ Rxf8 45.c5 Qg6 46.h3 Nf6 47.Qd3 Qh5 48.Re7 Qg5 49.Qxf3 Nh7 50.Qe3
Qd5 51.Bg2 Qd1+ 52.Qe1 Qc2 53.Rxb7 Ng5 54.Qe3 Qd1+ 55.Kh2 Qc2 56.Re7 Rxf2
57.Re8+ Kh7 58.h4 Rxg2+ 59.Kh1 Rh2+ 60.Kg1 Qg2# 0-1

[Event "PRO League Group Stage"]
[Site "masterchessopen.com chess.com INT"]
[Date "2017.02.11"]
[Round "5"]
[White "Hilby,Craig"]
[Black "Svane,R"]
[Result "0-1"]
[WhiteElo "2334"]
[BlackElo "2560"]

1.e4 c6 2.d4 d5 3.Nc3 dxe4 4.Nxe4 Bf5 5.Ng3 Bg6 6.h4 h6 7.Nf3 e6 8.Ne5 Bh7
9.Bd3 Bxd3 10.Qxd3 Nd7 11.f4 Be7 12.h5 Ngf6 13.Bd2 O-O 14.O-O-O c5 15.Ne2 cxd4
16.g4 Nc5 17.Qxd4 Qc7 18.Nc3 Rfd8 19.Qe3 Rac8 20.Kb1 Nce4 21.Ka1 Bc5 22.Qe2
Ng3 23.Qg2 Nxh1 24.g5 hxg5 25.h6 Rxd2 26.Rxd2 g6 27.Qxh1 gxf4 28.h7+ Nxh7
29.Ng4 f5 30.Nh6+ Kg7 31.Rh2 Nf6 32.Ne2 Be3 33.c3 Rd8 34.Qg2 Rd1+ {#R} 0-1

[Event "PRO League Group Stage"]
[Site "masterchessopen.com chess.com INT"]
[Date "2017.02.11"]
[Round "5"]
[White "Pacheco,Dan"]
[Black "Kolosovsky,A"]
[Result "1-0"]
[WhiteElo "2279"]
[BlackElo "2074"]

1.d4 d5 2.Nf3 c6 3.Bf4 Qb6 4.Qc1 Bf5 5.e3 e6 6.Nh4 Bg6 7.Nxg6 hxg6 8.c4 dxc4
9.Bxc4 Nf6 10.h3 Nbd7 11.O-O Ne4 12.Qc2 Nd6 13.Bb3 Nf6 14.Nc3 Nd5 15.Bh2 Nf5
16.Rac1 Be7 17.Rfe1 Bg5 18.Ne4 Ndxe3 19.fxe3 Bxe3+ 20.Rxe3 Nxe3 21.Nd6+ Ke7
22.Qe4 Nf5 23.Nxf5+ gxf5 24.Qf4 Rad8 25.Qg5+ Kf8 26.Kh1 Rh7 27.d5 exd5 28.Qxf5
Rh6 29.Bg1 Qa5 30.Bd4 Re8 31.Rf1 Qc7 32.Qg5 Rg6 33.Qxg6 Re1 34.Qxg7+ Ke8
35.Rxe1+ {#r} 1-0

[Event "PRO League Group Stage"]
[Site "masterchessopen.com chess.com INT"]
[Date "2017.02.11"]
[Round "5"]
[White "Pacheco,Dan"]
[Black "Balabaev,T"]
[Result "0-1"]
[WhiteElo "2279"]
[BlackElo "2393"]

1.d4 Nf6 2.Nf3 g6 3.Nc3 d5 4.Bf4 Bg7 5.Qd2 h6 6.O-O-O c6 7.Ne5 Nbd7 8.f3 Nh5
9.e4 Nxf4 10.Qxf4 Nxe5 11.dxe5 Qc7 12.exd5 Qxe5 13.Qxe5 Bxe5 14.dxc6 bxc6
15.Na4 Rb8 16.Bc4 O-O 17.g3 h5 18.Rhe1 Bd6 19.Nc3 Bf5 20.Ne4 Bxe4 21.Rxe4 Kg7
22.Bb3 Rh8 23.f4 h4 24.g4 h3 25.f5 gxf5 26.gxf5 Kf6 27.Ra4 Bxh2 28.Ra6 Bf4+
29.Kb1 Rb6 30.Ra4 h2 31.Rh1 Be5 32.Rg4 Rbb8 33.c3 Rbg8 34.Bd1 Rxg4 35.Bxg4 Kg5
36.Bf3 c5 37.Rf1 Rh3 38.Bd5 Rg3 39.Kc2 Rg1 40.Rf2 h1=Q 41.Bxh1 Rxh1 42.Kd3 Rh2
43.Rxh2 Bxh2 44.Ke4 Bd6 45.a4 Kg4 46.a5 Kg5 47.a6 Kg4 48.f6 exf6 49.Kd5 Bc7
50.Kxc5 f5 51.Kc6 Bb6 52.c4 f4 53.c5 Bxc5 54.Kxc5 f3 55.Kc6 f2 56.Kb7 {#R} 0-1

[Event "PRO League Group Stage"]
[Site "masterchessopen.com chess.com INT"]
[Date "2017.02.11"]
[Round "5"]
[White "Gareev,T"]
[Black "Tan,Ju2"]
[Result "1-0"]
[WhiteElo "2617"]
[BlackElo "2451"]

1.d4 d5 2.c4 c6 3.Nf3 Nf6 4.Nc3 e6 5.Bg5 h6 6.Bh4 dxc4 7.a4 Bb4 8.e3 b5 9.Nd2
Nbd7 10.axb5 Bxc3 11.bxc3 cxb5 12.e4 Bb7 13.e5 g5 14.Bg3 Ne4 15.Nxe4 Bxe4
16.h4 Rg8 17.hxg5 Qxg5 18.Rh4 Bc6 19.Be2 Qg6 20.Rg4 Qh7 21.Bf3 Rxg4 22.Bxc6
Re4+ 23.Kf1 Rc8 24.Bxb5 Rc7 25.Ba4 Rb7 26.Qf3 Rb2 27.Bc6 Rbe2 28.Bxe4 Rxe4
29.Rxa7 h5 30.Kg1 h4 31.Bf4 Qf5 32.Be3 Qg6 33.Kh2 Nb6 34.Rxf7 Qxf7 35.Qxe4 Nd5
36.Qxh4 Nxc3 37.d5 exd5 38.Qg4 Ne4 39.Qc8+ Ke7 40.Bc5+ Nxc5 41.Qxc5+ Ke6
42.Qd6+ Kf5 43.f3 Qh7+ 44.Kg3 Qg7+ 45.Kf2 Qxe5 46.g4+ Kf4 47.Qh6+ Qg5 48.Qh2#
1-0

[Event "PRO League Group Stage"]
[Site "masterchessopen.com chess.com INT"]
[Date "2017.02.11"]
[Round "5"]
[White "Gareev,T"]
[Black "Haria,R"]
[Result "1-0"]
[WhiteElo "2617"]
[BlackElo "2382"]

1.d4 e6 2.c4 d5 3.Nc3 c6 4.Nf3 dxc4 5.a4 Bb4 6.e4 b5 7.Be2 Nf6 8.e5 Nd5 9.Bd2
Bxc3 10.bxc3 Bb7 11.Qb1 Qd7 12.Ng5 h6 13.Ne4 O-O 14.Nc5 Qe7 15.axb5 cxb5
16.Qxb5 Bc6 17.Qxc4 Nd7 18.Nxd7 Qxd7 19.O-O Rab8 20.Qd3 Rb2 21.c4 Ne7 22.Bc3
Rb3 23.Bd1 Rb7 24.Bc2 g6 25.Rfd1 Rc8 26.Qd2 Kh7 27.Bb4 Nf5 28.Bc5 Nh4 29.Qf4
Nxg2 30.Qf6 Rb2 31.Rxa7 Bb7 32.Ba4 Qc7 33.Bd6 Qxc4 34.Qxf7+ Kh8 35.Be7 Rxf2
36.Qxf2 Qd5 37.Qf6+ Kh7 {#r} 1-0

[Event "PRO League Group Stage"]
[Site "masterchessopen.com chess.com INT"]
[Date "2017.02.11"]
[Round "5"]
[White "Heimann,Al"]
[Black "Balogun,Oluwafemi"]
[Result "0-1"]
[WhiteElo "2271"]
[BlackElo "2222"]

1.Nf3 Nf6 2.c4 g6 3.b4 Bg7 4.Bb2 O-O 5.g3 d6 6.Bg2 e5 7.Nc3 c6 8.d3 Ne8 9.O-O
f5 10.e4 f4 11.d4 Qe7 12.d5 fxg3 13.fxg3 Bh6 14.Qd3 a5 15.a3 Nd7 16.Nh4 c5
17.Nb5 axb4 18.axb4 Rxa1 19.Rxa1 cxb4 20.Qb3 Nc5 21.Qxb4 Be3+ 22.Kh1 Bg4
23.Qc3 Bh6 24.Ba3 b6 25.Bxc5 bxc5 26.Bf3 Bh3 27.Qd3 Bg5 28.Bg2 Bxg2+ 29.Nxg2
Qf6 30.h4 Bh6 31.Qe2 Ng7 32.Kg1 Nh5 33.Qg4 Qf2+ 34.Kh2 Nxg3 35.Nxd6 Bf4 36.Kh3
Nh5 37.Nf5 Nf6 38.Ne7+ Kg7 39.Nxf4 Nxg4 40.Ne6+ Kf7 41.Kxg4 Qg2# 0-1

[Event "PRO League Group Stage"]
[Site "masterchessopen.com chess.com INT"]
[Date "2017.02.11"]
[Round "5"]
[White "Taghizadeh,Rayan"]
[Black "Klaver,C"]
[Result "1-0"]
[WhiteElo "2317"]
[BlackElo "2117"]

1.e4 c6 2.d4 d5 3.Nd2 dxe4 4.Nxe4 Nf6 5.Ng3 e6 6.Nf3 Bd6 7.Bd3 Nbd7 8.Qe2 O-O
9.Bg5 h6 10.Bxf6 Nxf6 11.O-O-O Qa5 12.Kb1 Nd5 13.Qe4 f5 14.Qe1 Qxe1 15.Rhxe1
b5 16.Ne5 Bxe5 17.Rxe5 Bd7 18.Ne2 Kf7 19.Nc1 Ke7 20.Nb3 Kd6 21.Nc5 a5 22.Rde1
Rf6 23.c4 bxc4 24.Bxc4 Bc8 25.a3 Rb8 26.Kc2 Rg6 27.g3 Rf6 28.Ba6 Bd7 29.Bc4
Bc8 30.h4 g5 31.hxg5 hxg5 32.Rh1 f4 33.Ne4+ Ke7 34.Bxd5 cxd5 35.Nxf6 Kxf6
36.Rh8 fxg3 37.fxg3 a4 38.g4 Kg7 39.Rd8 Kf6 40.Rg8 Ke7 41.Rexg5 Kd7 42.R5g7+
Kd6 43.Rd8+ Kc6 44.Kc1 Ra8 45.g5 {#r} 1-0

[Event "PRO League Group Stage"]
[Site "masterchessopen.com chess.com INT"]
[Date "2017.02.11"]
[Round "5"]
[White "Tarjan,J"]
[Black "Simonovic,M"]
[Result "1-0"]
[WhiteElo "2406"]
[BlackElo "2219"]

1.c4 c5 2.Nf3 Nc6 3.Nc3 e5 4.g3 g6 5.Bg2 Bg7 6.O-O Nge7 7.a3 O-O 8.Rb1 a5
9.Ne1 d6 10.Nc2 Be6 11.Ne3 f5 12.Ned5 e4 13.d3 exd3 14.Qxd3 Ne5 15.Qc2 Nxd5
16.Nxd5 Rb8 17.b4 axb4 18.axb4 b6 19.Rd1 Qd7 20.b5 h6 21.f4 Ng4 22.Bb2 Kh7
23.Bxg7 Qxg7 24.Qb2 Rfd8 25.Qxg7+ Kxg7 26.Rb3 Nf6 27.Ra3 Nxd5 28.Bxd5 Bxd5
29.Rxd5 Rd7 30.Kf2 Kf6 31.Kf3 Re8 32.Ra6 Re4 33.Rxb6 Ke7 34.g4 Rxc4 35.gxf5
gxf5 36.Rxf5 Rb4 37.Rh5 Rb3+ 38.Kf2 c4 39.Rc6 c3 40.Rxh6 d5 41.f5 d4 42.f6+
Kf8 43.Rh8+ Kf7 44.Rh7+ {#r} 1-0

[Event "PRO League Group Stage"]
[Site "masterchessopen.com chess.com INT"]
[Date "2017.02.11"]
[Round "5"]
[White "Tarjan,J"]
[Black "Svicevic,R"]
[Result "1-0"]
[WhiteElo "2406"]
[BlackElo "2189"]

1.c4 f5 2.g3 Nf6 3.Bg2 e6 4.d3 Bb4+ 5.Bd2 Bxd2+ 6.Qxd2 O-O 7.Nc3 d6 8.f4 e5
9.Nf3 Re8 10.O-O c6 11.h3 Qb6+ 12.Kh2 Nbd7 13.Rae1 Nc5 14.b3 a5 15.Qb2 a4
16.b4 a3 17.Qb1 Na4 18.Nd1 Nb2 19.Nxb2 Qxb4 20.e3 Qxb2 21.fxe5 dxe5 22.Rd1 Ra4
23.Rd2 Qxb1 24.Rxb1 e4 25.dxe4 fxe4 26.Nd4 Rxc4 27.Rb3 Nd5 28.Rxa3 Rc3 29.Rxc3
Nxc3 30.Bf1 g6 31.Bc4+ Kg7 32.Bb3 Re5 33.Rf2 Nd5 34.g4 Bd7 35.Kg3 Be8 36.Bxd5
cxd5 37.Rb2 Re7 38.Rb6 Bf7 39.g5 Rd7 40.Kf4 h6 41.h4 hxg5+ 42.hxg5 Rc7 43.Ke5
Re7+ 44.Kd6 Re8 45.Rxb7 Rd8+ 46.Ke5 Re8+ 47.Kf4 Kg8 48.Ra7 Rc8 49.Ke5 Rb8
50.a4 {#r} 1-0

[Event "PRO League Group Stage"]
[Site "masterchessopen.com chess.com INT"]
[Date "2017.02.11"]
[Round "5"]
[White "Cornette,M"]
[Black "Stukopin,A"]
[Result "0-1"]
[WhiteElo "2586"]
[BlackElo "2586"]

1.e4 c5 2.Nf3 e6 3.d4 cxd4 4.Nxd4 Nc6 5.Nc3 Qc7 6.Be3 a6 7.Qf3 Ne5 8.Qg3 h5
9.h4 d6 10.O-O-O Nf6 11.Be2 b5 12.f4 Nc4 13.Bxc4 Qxc4 14.e5 Ng4 15.exd6 Bxd6
16.Ndxb5 axb5 17.Rxd6 O-O 18.Rd4 Qc6 19.Rhd1 Bb7 20.R1d2 Rfc8 21.Bg1 Qb6 22.a3
b4 23.axb4 Ra1+ 24.Nb1 Bd5 25.Rxd5 Qxg1+ 26.Rd1 Ne3 27.Rd8+ Kh7 28.c3 Nxd1
29.Qd3+ f5 30.Qxd1 Qe3+ 31.Rd2 Rd8 32.Kc2 Rxd2+ 33.Qxd2 Qe4+ 34.Qd3 Qxd3+
35.Kxd3 Rxb1 36.Kc2 Ra1 37.c4 Kg6 38.b5 Kf7 39.b6 Ra8 40.c5 Ke7 41.Kc3 Kd7
42.b4 Kc6 43.Kc4 Rd8 44.b5+ Kb7 45.Kb4 Rd1 46.Ka5 Ra1+ 47.Kb4 Rc1 48.g3 g6
{#R} 0-1

[Event "PRO League Group Stage"]
[Site "masterchessopen.com chess.com INT"]
[Date "2017.02.11"]
[Round "5"]
[White "Rendle,T"]
[Black "Sambuev,B"]
[Result "0-1"]
[WhiteElo "2356"]
[BlackElo "2539"]

1.e4 Nf6 2.e5 Nd5 3.d4 d6 4.Nf3 Bg4 5.Be2 c6 6.O-O Bxf3 7.Bxf3 dxe5 8.dxe5 e6
9.Nd2 Nd7 10.Re1 Qc7 11.Qe2 Be7 12.Nf1 O-O 13.c4 N5b6 14.Bd2 Rad8 15.Ba5 Nc5
16.b4 Nd3 17.c5 Nxe1 18.Rxe1 Rd4 19.Ng3 Rfd8 20.Ne4 Qxe5 21.cxb6 a6 22.Nc5
Qxe2 23.Bxe2 Bxc5 24.bxc5 Ra4 25.Bc3 Rd5 26.Bf3 Rxc5 27.Be5 f6 28.Bc7 e5 29.h3
Kf7 30.Re2 Ke6 31.g4 g6 32.Kg2 Rd4 33.Be4 a5 34.f3 a4 35.Kf2 f5 36.gxf5+ gxf5
37.Bb1 Rh4 38.Kg3 Rb4 39.Bd3 a3 40.Bc2 Rb2 41.Bb3+ Kf6 42.Re1 e4 43.f4 Rxb3+
44.axb3 Rc3+ 45.Kf2 Rxb3 46.Re3 Rxe3 47.Kxe3 Ke6 48.Be5 Kd5 49.h4 Kc5 50.Bd4+
Kb5 51.Kd2 c5 52.Bf6 Kxb6 53.Kc3 Kb5 54.Kb3 a2 55.Kxa2 Kc4 56.Kb2 Kd3 57.Be7
b6 58.Kc1 Ke3 59.Bd8 b5 60.Bb6 Kd4 61.Kd2 b4 62.Bc7 c4 63.Be5+ Kc5 64.Kc2 c3
65.h5 Kc4 66.Kd1 b3 67.Bd6 Kd3 {#R} 0-1